| 000 | 00606nam a2200205 i 4500 | ||
|---|---|---|---|
| 001 | bgj | ||
| 100 | 1 | _aZIOLKOWSKI, Theodore. | |
| 245 | 1 | 0 |
_aDer Schriftsteller Hermann Hesse : _bWertung und Neubewertung / _cTheodore Ziolkowski ; deutsch von Ursula Michels-Wenz. |
| 260 |
_aFrankfurt am Main : _bSuhrkamp, _c1979. |
||
| 300 |
_a270, [1] s. ; _c20 cm. |
||
| 504 | _aBibliogr. 270-[271]. | ||
| 650 | 9 | _aLiteratura niemiecka | |
| 700 | 1 | _aMICHELS-WENZ, Ursula. | |
| 040 | _cBPK | ||
| 041 | 0 | _ager | |
| 044 | _aDEU | ||
| 080 | _a821.112.2 | ||
| 942 | _cKS | ||
| 008 | s gw f |000 0 ger | ||
| 999 |
_c50449 _d50449 |
||
| 856 |
_uhttp://koha.tu.koszalin.pl/cgi-bin/koha/opac-detail.pl?biblionumber=50449 _yKatalog online BPK |
||